Sports Quiz

Random Sports Quiz

UEFA Euro Friendlies Quiz Stats

Quiz not verified by Sporcle

Challenge
Share
Tweet
Embed
Score 0/10 Timer 05:00
0 Plays Today
The Score The Teams/Match % Correct
1-0Norway vs England
97.3%
2-0Spain vs Serbia
91.9%
1-0Ireland vs Bosnia
86.5%
5-3Switzerland vs Germany
86.5%
3-1Denmark vs Brazil
83.8%
0-0Portugal vs FYROM
78.4%
1-0Poland vs Slovakia
75.7%
2-1Netherlands vs Bulgaria
64.9%
1-1Greece vs Slovenia
54.1%
3-2Finland vs Turkey
27%

You're not logged in!

Compare scores with friends on all Sporcle quizzes.
Join for Free
OR
Log In

You Might Also Like...

Show Comments

Extras

Top Quizzes Today


Score Distribution

Your Account Isn't Verified!

In order to create a playlist on Sporcle, you need to verify the email address you used during registration. Go to your Sporcle Settings to finish the process.

Report this User

Report this user for behavior that violates our Community Guidelines.

Details: